[Event "Netanya op"]
[Site "Netanya"]
[Date "1987.??.??"]
[Round "6"]
[White "Bruk, Ofer"]
[Black "Maus, Soenke"]
[Result "1/2-1/2"]
[WhiteElo "2320"]
[BlackElo "2385"]

1.Nf3 Nf6 2.c4 e6 3.Nc3 c5 4.g3 d5 5.cxd5 Nxd5 6.Bg2 Nc6 7.O-O Be7 8.Nxd5 exd5
9.d4 O-O 10.dxc5 Bxc5 11.Qc2 Bb6 12.Ng5 g6 13.Qd2 Nd4 14.Nf3 Nxf3+ 15.Bxf3 d4
16.b3 Bh3 17.Rd1 Qf6 18.Qf4 Qe7 19.Bb2 g5 20.Qe4 Qxe4 21.Bxe4 Rae8 22.Bf3 d3
23.exd3 Re6 24.Re1 Rd6 25.Rad1 Rfd8 26.Bc3 f5 27.d4 Bxd4 28.Bxd4 Rxd4 29.Rxd4 Rxd4
30.Bxb7 Rd2 31.Bg2 Bxg2 32.Kxg2 Rxa2 33.Re5 Kf7 34.Rxf5+ Kg6 35.Rf8 Rb2 36.Rg8+ Kf6
37.Rb8 g4 38.Rb7 h5 39.b4 Kg5 40.b5 Kf6  1/2-1/2

[Event "New York op"]
[Site "New York"]
[Date "1987.??.??"]
[Round "?"]
[White "Suba, Mihai"]
[Black "Csom, Istvan"]
[Result "1/2-1/2"]
[WhiteElo "2560"]
[BlackElo "2485"]

1.c4 Nf6 2.Nc3 e6 3.Nf3 c5 4.g3 b6 5.Bg2 Bb7 6.O-O Be7 7.d4 cxd4 8.Qxd4 d6
9.Rd1 a6 10.Bg5 Nbd7 11.Qd2 O-O 12.Bf4 Ne8 13.e4 Qc7 14.Rac1 Rc8 15.b3 Qb8
16.h3 Qa8 17.Qe2 Ne5 18.Nd2 h6 19.b4 Nd7 20.Nb3 Qb8 21.a3 Nef6 22.g4 Rfe8
23.Bg3 Ne5 24.c5 dxc5 25.bxc5 Bxc5 26.Nxc5 Rxc5 27.Na2 Ra5 28.Rc3 Qa8 29.f3 Rc8
30.Qb2 Rxc3 31.Nxc3 Nc4 32.Qb4 Qc8 33.Na4 Qc6 34.Rd8+ Kh7 35.Qf8 Rxa4 36.Qh8+ Kg6
37.h4 Qc5+ 38.Bf2 Qe5 39.h5+ Nxh5 40.gxh5+ Kxh5 41.Qe8 Rxa3 42.Qxf7+ g6 43.Rd1 Ra1
44.Rxa1 Qxa1+ 45.Kh2 Qb2 46.Kg3 Qb5 47.f4 Nd2 48.Qf6 Qb3+ 49.Kh2 g5 50.fxg5 hxg5
51.Qf7+ Kg4 52.Qxb7 Nf3+ 53.Bxf3+ Qxf3 54.Qxb6 Qf4+ 55.Kg1 Qxe4 56.Qxa6 Qb1+
57.Kg2 Qe4+ 58.Kf1 Qb1+ 59.Ke2 Qc2+ 60.Ke1 Qc1+ 61.Ke2 Qc2+ 62.Kf1 Qb1+ 63.Kg2 Qe4+
64.Kg1  1/2-1/2

[Event "New York op"]
[Site "New York"]
[Date "1987.??.??"]
[Round "?"]
[White "Gulko, Boris F"]
[Black "Sherzer, Alex"]
[Result "1-0"]
[WhiteElo "2525"]
[BlackElo "2355"]

1.Nf3 Nf6 2.c4 c5 3.Nc3 e6 4.g3 b6 5.Bg2 Bb7 6.O-O Be7 7.d4 cxd4 8.Qxd4 O-O
9.Bg5 d6 10.Rfd1 a6 11.Bxf6 gxf6 12.Ne4 Nc6 13.Qd2 Na5 14.Qf4 Bxe4 15.Qxe4 f5
16.Qf4 Rc8 17.Rac1 Nc6 18.h4 Kh8 19.Ng5 Ne5 20.b3 Ng6 21.Qd4+ e5 22.Qd2 Bxg5
23.Qxg5 Qxg5 24.hxg5 Rcd8 25.Rd2 f6 26.Rcd1 fxg5 27.Rxd6 Rxd6 28.Rxd6 Rb8
29.e4 f4 30.Bh3 Kg7 31.Rd7+ Kf6 32.Rxh7 Rd8 33.Rd7 Rxd7 34.Bxd7 Ke7 35.Bf5 Nh8
36.Kg2 Kd6 37.Kf3 Nf7 38.b4 Nh6 39.a3 a5 40.Bc8 axb4 41.axb4 Ng8 42.Kg4 Nf6+
43.Kf5 Nh5 44.g4 Ng3+ 45.Kxg5 Nxe4+ 46.Kh6 Nxf2 47.g5 Ne4 48.Bb7 Ng3 49.g6 Nf5+
50.Kh7 Ne7 51.g7 Ke6 52.Be4 Kd6 53.g8=Q Nxg8 54.Kxg8 b5 55.c5+  1-0

[Event "New York op"]
[Site "New York"]
[Date "1987.??.??"]
[Round "?"]
[White "Ornstein, Axel"]
[Black "Kudrin, Sergey"]
[Result "0-1"]
[WhiteElo "2410"]
[BlackElo "2505"]

1.Nf3 Nf6 2.c4 c5 3.Nc3 b6 4.e4 d6 5.d4 cxd4 6.Nxd4 Bb7 7.Qe2 e6 8.g3 a6
9.Bg2 Qc7 10.O-O Nbd7 11.Bd2 Be7 12.Kh1 O-O 13.f4 g6 14.Rac1 Rfe8 15.g4 Rad8
16.g5 Nh5 17.f5 exf5 18.Nd5 Qb8 19.Nxf5 Bf8 20.Rc3 b5 21.Rh3 bxc4 22.Qxc4 Ne5
23.Rxh5 Bxd5 24.Qxd5 gxh5 25.Bc3 Re6 26.Qd1 Rde8 27.Qxh5 Rg6 28.Nh4 Rg7 29.Nf5 Rg6
30.Ne3 Qd8 31.h4 h6 32.Rf5 hxg5 33.hxg5 Ree6 34.Bh3 Be7 35.Rxf7 Kxf7 36.Bxe5 Rxe5
37.Bf5 Qg8 38.Ng4 Qg7 39.Nh6+ Kf8 40.Bxg6  0-1

[Event "New York op"]
[Site "New York"]
[Date "1987.??.??"]
[Round "?"]
[White "Portisch, Lajos"]
[Black "Dlugy, Maxim"]
[Result "1/2-1/2"]
[WhiteElo "2610"]
[BlackElo "2520"]

1.c4 c5 2.Nf3 Nf6 3.Nc3 e6 4.g3 d5 5.cxd5 Nxd5 6.Bg2 Be7 7.O-O O-O 8.d4 Nc6
9.e4 Nb6 10.dxc5 Qxd1 11.Rxd1 Bxc5 12.Bf4 f6 13.Rac1 e5 14.Nb5 exf4 15.Rxc5  1/2-1/2

[Event "Oslo"]
[Site "Oslo"]
[Date "1987.??.??"]
[Round "?"]
[White "Berg, Klaus"]
[Black "Elseth, Roar"]
[Result "1-0"]
[WhiteElo "2365"]
[BlackElo "2305"]

1.Nf3 c5 2.c4 Nf6 3.Nc3 d5 4.cxd5 Nxd5 5.e3 e6 6.d4 Nxc3 7.bxc3 Nd7 8.Bd3 Be7
9.O-O O-O 10.e4 Qc7 11.Qe2 e5 12.dxe5 Nxe5 13.Nxe5 Qxe5 14.f4 Qxc3 15.Bb2 Qa5
16.e5 Qb6 17.Kh1 f5 18.exf6 Bxf6 19.Qh5 h6 20.Qg6 Bxb2 21.Qh7+ Kf7 22.Rae1 Qb4
23.Qg6+ Kg8 24.Re7 Bf5 25.Bxf5 Rxf5 26.Qxf5 Rf8 27.Qd5+ Kh8 28.Rxb7 Qa3 29.Rb1 Re8
30.h3 Bd4 31.Rb8  1-0

[Event "Ostend op"]
[Site "Ostend"]
[Date "1987.??.??"]
[Round "1"]
[White "Steinbacher, Matthias"]
[Black "Plaskett, Jim"]
[Result "1/2-1/2"]
[WhiteElo "2260"]
[BlackElo "2475"]

1.Nf3 Nf6 2.c4 c5 3.Nc3 b6 4.g3 Bb7 5.Bg2 g6 6.d4 cxd4 7.Qxd4 d6 8.O-O Nbd7
9.Be3 Rc8 10.Rac1 Bg7 11.b3 O-O 12.Qd2 a6 13.Rfd1 Re8 14.Bh3 Rc7 15.Ne1 Qb8
16.Nd3 Nc5 17.Nb4 Nfe4 18.Nxe4 Nxe4 19.Qe1 b5 20.Bg2 bxc4 21.Bxe4 cxb3 22.Bxb7 Rxc1
23.Bxc1 bxa2 24.Nxa2 Qxb7 25.Qa5 Rc8 26.Be3 h5 27.Nb4 Rc4 28.Nd5 Kh7 29.Qd8 Re4
30.h4 Re5 31.Nf4 Bh6 32.Rc1 Rb5 33.Kh2 Bxf4 34.Rc8 Qxc8 35.Qxc8 Bxe3 36.fxe3 Re5
37.Qf8 f6 38.Qf7+ Kh6 39.Qg8 g5 40.hxg5+ fxg5 41.Qf8+ Kg6 42.Qg8+ Kf6 43.Qh7 g4
44.Qh6+ Kf7 45.Qf4+ Kg7 46.Kg2 a5 47.Kf2 Rc5 48.Ke1 Rc1+ 49.Kd2 Rc5  1/2-1/2

[Event "Pavlodar"]
[Site "Pavlodar"]
[Date "1987.??.??"]
[Round "?"]
[White "Loginov, Valery A"]
[Black "Magerramov, Elmar"]
[Result "1-0"]
[WhiteElo "2355"]
[BlackElo "2440"]

1.Nf3 Nf6 2.c4 e6 3.Nc3 c5 4.g3 Nc6 5.Bg2 d5 6.cxd5 Nxd5 7.O-O Be7 8.d4 O-O
9.e4 Nb6 10.dxc5 Qxd1 11.Rxd1 Bxc5 12.Bf4 f6 13.Rac1 e5 14.Nd5 exf4 15.Rxc5 fxg3
16.hxg3 Bg4 17.Rd2 Rfd8 18.Nd4 Ne5 19.Rc7 Nxd5 20.exd5 Rac8 21.Rxb7 Rc1+
22.Kh2 Bc8 23.Ne6 Bxb7 24.Nxd8 Ng4+ 25.Kh3 Bc8 26.Ne6 h5 27.Bf3 Ne5 28.Be2 Nc4
29.Bxc4 Rxc4 30.Kg2 Kf7 31.Nd8+ Ke8 32.Nc6 a6 33.Nd4 Rc5 34.Ne6 Bxe6 35.dxe6 Rc6
36.Rd7 g5 37.Rh7 Rxe6 38.Rxh5 Re2 39.Rh8+ Kf7 40.Rb8 g4 41.Rb4 f5 42.Kf1 Rc2
43.Rb6 a5 44.a4 Kg7 45.Ke1 Kf7 46.b4 axb4 47.Rxb4 Ke6 48.Rf4 Rc5 49.Kd2 Rd5+
50.Kc3 Rd1 51.Kb3 Rd3+ 52.Kc2 Rd5 53.Rb4 Rc5+ 54.Kb3 Rc1 55.a5 Rb1+ 56.Kc4 Rf1
57.Ra4 Rxf2 58.a6 Rc2+ 59.Kd3 Rc8 60.a7 Ra8 61.Ke3  1-0

[Event "Pavlodar"]
[Site "Pavlodar"]
[Date "1987.??.??"]
[Round "?"]
[White "Zaichik, Gennadi"]
[Black "Dokhoian, Yury"]
[Result "1/2-1/2"]
[WhiteElo "2490"]
[BlackElo "2525"]

1.c4 Nf6 2.Nc3 c5 3.Nf3 b6 4.e4 Bb7 5.e5 Ng8 6.d4 Bxf3 7.Qxf3 Nc6 8.d5 Nxe5
9.Qe2 d6 10.Bf4 Nf6 11.Bxe5 dxe5 12.Qxe5 Qd6 13.Qe3 a6 14.Be2 g6 15.O-O Bg7
16.Rae1 O-O 17.Bd1 Ra7 18.a4 Rb8 19.Qc1 Kf8 20.Qe3 Kg8 21.Qc1 Kf8 22.Qe3 Kg8  1/2-1/2

[Event "Philadelphia op"]
[Site "Philadelphia"]
[Date "1987.??.??"]
[Round "?"]
[White "Bradford, Joseph M"]
[Black "Szmetan, Jorge"]
[Result "1-0"]
[WhiteElo "2440"]
[BlackElo "2400"]

1.Nf3 c5 2.c4 Nf6 3.Nc3 e6 4.g3 b6 5.e4 Bb7 6.Qe2 Nc6 7.Bg2 d6 8.O-O Nd4
9.Nxd4 cxd4 10.Nb5 e5 11.d3 a6 12.Nxd4 exd4 13.e5 Bxg2 14.exf6+ Kd7 15.fxg7 Bxg7
16.Kxg2 Kc7 17.Bf4 Qd7 18.Qh5 Rae8 19.Rfe1 f5 20.Rxe8 Rxe8 21.Qxh7 Re2 22.h4 Be5
23.Qxd7+ Kxd7 24.Bc1 a5 25.Kf1 Rc2 26.Rb1 Ke6 27.Ke1 f4 28.gxf4 Bf6 29.Bd2 d5
30.Kd1  1-0

[Event "POL-ch"]
[Site "?"]
[Date "1987.??.??"]
[Round "?"]
[White "Tomaszewski, Roman"]
[Black "Stempin, Pawel"]
[Result "1/2-1/2"]
[WhiteElo "2380"]
[BlackElo "2415"]

1.Nf3 c5 2.c4 Nf6 3.Nc3 e6 4.g3 b6 5.e4 Bb7 6.Qe2 Nc6 7.Bg2 d6 8.O-O Be7
9.Rd1 Nd4 10.Nxd4 cxd4 11.Nb5 e5 12.Nxd4 exd4 13.e5 Bxg2 14.exf6 Bb7 15.Qxe7+ Qxe7
16.fxe7 Kxe7 17.b3 f6 18.d3 Bf3 19.Re1+ Kd7 20.Bb2 Rhe8 21.Kf1 Rxe1+ 22.Rxe1 Re8
23.Rxe8 Kxe8 24.Bxd4 Kd7 25.b4 Kc7 26.Ke1 a6 27.Kd2 b5 28.Ke3 Bg2 29.Bc3 Bf1
30.Kd4 Kc6 31.Bd2 Be2 32.a3 Bf1 33.Bc1 Be2 34.Bb2 Bf1 35.Ba1 Be2 36.Ke3 Bf1
37.Kd4 Be2 38.Bb2 Bf1 39.Bc1 Be2 40.Bf4 Bf1 41.c5 dxc5+ 42.bxc5 Bg2 43.Bd6 Kd7
44.Bf8 g6 45.Bg7 Ke6 46.Kc3 a5 47.Kd4 Bc6 48.Bh6 g5 49.Bg7 h5 50.h4 gxh4
51.gxh4 Kd7 52.Bh6 Ke6 53.Bd2 a4 54.Ba5 Kd7 55.Bd2 Bg2 56.Bh6 Ke6 57.Bg7 Bc6
58.Kc3 f5 59.Bh6 Kd5 60.Be3 Be8 61.Kb4 Kc6 62.Bf4 Bd7 63.Bd6 Kd5 64.f3 Be8
65.Kc3 Bc6 66.d4 Be8 67.Kd3 Bf7 68.Bf4 Be8 69.Bc1 Bc6 70.Bb2 f4 71.Bc1 Ke6
72.Kc3 Bxf3 73.Kb4 Bc6 74.Bxf4 Kd5 75.Be5 Be8 76.Ka5 Bc6 77.Kb4 Be8 78.Bf6  1/2-1/2

[Event "Rubinstein mem"]
[Site "Polanica Zdroj"]
[Date "1987.??.??"]
[Round "?"]
[White "Bany, Jerzy"]
[Black "Dolmatov, Sergey"]
[Result "0-1"]
[WhiteElo "2455"]
[BlackElo "2540"]

1.Nf3 c5 2.c4 Nf6 3.Nc3 e6 4.g3 b6 5.Bg2 Bb7 6.O-O d6 7.d4 cxd4 8.Qxd4 a6
9.Rd1 Be7 10.Bg5 Nbd7 11.Qd2 O-O 12.Bf4 Ne8 13.Rac1 Rc8 14.b3 Rc7 15.Be3 Qb8
16.Qd3 h6 17.Nd4 Bxg2 18.Kxg2 Nef6 19.Nf3 Qb7 20.Kg1 Nc5 21.Bxc5 Rxc5 22.Nd4 Rfc8
23.Rc2 Bf8 24.Rdc1 e5 25.Qf3 Qd7 26.Nf5 e4 27.Nxh6+ Kh7 28.Qf4 Rh5 29.Nxf7 Qxf7
30.Nxe4 Qg6 31.Nd2 Re8 32.Nf3 Re4 33.Qd2 Ng4 34.Qc3 Be7 35.Rd1 Kh8 36.Rd3 Qe6
37.Rd5 Rh6 38.Nd4 Qf6 39.Nf5 Rxh2 40.f3 Rexe2  0-1

[Event "Rubinstein mem"]
[Site "Polanica Zdroj"]
[Date "1987.??.??"]
[Round "?"]
[White "Popchev, Milko"]
[Black "Stempin, Pawel"]
[Result "1/2-1/2"]
[WhiteElo "2460"]
[BlackElo "2400"]

1.Nf3 c5 2.c4 Nf6 3.Nc3 e6 4.d4 cxd4 5.Nxd4 a6 6.g3 Qc7 7.Bg2 Qxc4 8.O-O Bb4
9.Na4 Qc7 10.Qb3 Ba5 11.Bf4 e5 12.Qe3 Ng4 13.Qf3 Nf6 14.b4 Bxb4 15.Rab1 Nc6
16.Nxc6 dxc6 17.Bh6 Bf8 18.Nb6 Rb8 19.Nxc8  1/2-1/2

[Event "Porabka"]
[Site "Porabka"]
[Date "1987.??.??"]
[Round "6"]
[White "Pekarek, Ales"]
[Black "Gizynski, Tomasz"]
[Result "1-0"]
[WhiteElo "2480"]
[BlackElo "2280"]

1.Nf3 Nf6 2.c4 c5 3.Nc3 e6 4.g3 b6 5.Bg2 Bb7 6.O-O d6 7.d4 cxd4 8.Qxd4 a6
9.Rd1 Be7 10.b3 Nbd7 11.e4 Qb8 12.Ba3 Nc5 13.e5 dxe5 14.Qxe5 Ncd7 15.Qxb8+ Rxb8
16.Bc1 Rc8 17.Bb2 Rg8 18.h3 g5 19.Rac1 h5 20.Na4 g4 21.hxg4 hxg4 22.Ne5 Bxg2
23.Kxg2 Nxe5 24.Bxe5 Rc6 25.Bd4 Nd7 26.Rc3 Nc5 27.Nxc5 Bxc5 28.Rcd3 Bxd4
29.Rxd4 Ke7 30.Rd7+ Kf6 31.Ra7 b5 32.cxb5 axb5 33.Rdd7 Rf8 34.Rdb7 Rc5 35.Ra5 Rc2
36.Rbxb5 Rd8 37.Ra4 e5 38.Ra6+ Kf5 39.Rb7 Rf8 40.a4 Kg5 41.Re7 f6 42.a5 Rh8
43.Rg7+ Kf5 44.Rb6 Ra2 45.Rb4 Rxa5 46.Rgxg4 Rb8 47.Rxb8 Kxg4 48.b4 Ra2 49.b5 Rb2
50.b6 Kf5 51.b7 Ke4 52.g4 Kf4 53.g5 f5 54.g6 Rb6 55.Kf1 Kf3 56.Ke1 Rxg6 57.Rf8 Rg1+
58.Kd2 Rb1 59.b8=Q Rxb8 60.Rxb8 Kxf2 61.Rb5  1-0

[Event "Bohemians"]
[Site "Prague"]
[Date "1987.??.??"]
[Round "?"]
[White "Znamenacek, Kvetoslav"]
[Black "Pekarek, Ales"]
[Result "0-1"]
[WhiteElo "2300"]
[BlackElo "2480"]

1.c4 Nf6 2.Nc3 c5 3.Nf3 b6 4.g3 Bb7 5.Bg2 g6 6.O-O Bg7 7.b3 O-O 8.Bb2 d6
9.e3 Nbd7 10.Qe2 a6 11.Rfd1 Qc7 12.Rac1 Rfe8 13.d4 e6 14.Ba1 Rad8 15.a4 Qb8
16.h3 Qa8 17.Ne1 Bxg2 18.Nxg2 d5 19.Qa2 cxd4 20.exd4 e5 21.Nxd5 Nxd5 22.cxd5 exd4
23.Nf4 Ne5 24.h4 Rxd5 25.Nxd5 Qxd5 26.f4 Nf3+ 27.Kf2 h5 28.Qc2 Re3 29.Qc6 Qxb3
30.Qc4 Qa3 31.Bxd4 Nxd4 32.Rxd4 Rf3+  0-1

[Event "Rio Hondo"]
[Site "Rio Hondo"]
[Date "1987.??.??"]
[Round "5"]
[White "Bronstein, Luis"]
[Black "Szmetan, Jorge"]
[Result "1/2-1/2"]
[WhiteElo "2410"]
[BlackElo "2390"]

1.Nf3 Nf6 2.c4 c5 3.Nc3 e6 4.g3 b6 5.Bg2 Bb7 6.O-O d6 7.d4 cxd4 8.Nxd4 Bxg2
9.Kxg2 Qc7 10.e4 a6 11.Qf3 Ra7 12.b3 Be7 13.Bb2 O-O 14.Rac1 Nbd7 15.Rfe1 Re8
16.h3 Bf8 17.Re2 Raa8 18.Qe3 Qb7 19.f3 Rad8 20.Rce1 g6 21.g4 Bg7 22.Qd2 Ne5
23.f4 Ned7 24.Kh2 h6 25.a4 Nc5 26.b4 Ncd7 27.b5 Ne5 28.bxa6 Qxa6 29.fxe5 dxe5
30.Ncb5 Qb7 31.g5 hxg5 32.Qxg5 exd4 33.e5 Nh7 34.Qg2 Qxg2+ 35.Kxg2 d3 36.Rd2 Bf8
37.Red1 Rc8 38.Rxd3 Rxc4 39.Nd6 Rc2+ 40.R1d2 Rxd2+ 41.Rxd2 Ra8 42.Rd4 Ra6
43.Ne8 b5 44.axb5 Ra2 45.Rd2 Bb4 46.Rf2 Be1 47.Re2 Bc3 48.Bxc3 Rxe2+ 49.Kf3 Rc2
50.Bd4 Rc4 51.Ke3 Rb4 52.b6 Nf8 53.Nf6+ Kg7 54.Bc5 Rb3+ 55.Kd4 g5 56.Kc4 Rb1
57.Bb4 Rd1 58.b7 Rd8 59.Be7 Rb8 60.Bxf8+ Kg6 61.Ne8 Rxb7 62.Nd6 Ra7 63.Kd4 Ra4+
64.Ke3 Ra3+ 65.Kf2 Rxh3 66.Be7 Rb3 67.Ne4 g4 68.Ng3 Rf3+ 69.Kg2 Re3 70.Bf6 Rb3
71.Kf2 Rf3+ 72.Kg2 Ra3 73.Kf2 Rf3+ 74.Kg2 Rxf6 75.exf6 Kxf6 76.Ne4+ Ke5 77.Nf2 f5
78.Kg3 Kf6 79.Nd3 e5 80.Nc5 Ke7 81.Nd3 Ke6 82.Nc5+ Kd6 83.Nd3 Kd5 84.Ne1 Kc5
85.Ng2 Kd6 86.Ne3 Ke6 87.Kh4 e4 88.Kg5 g3 89.Kf4  1/2-1/2

[Event "FRA-ch"]
[Site "Rouen"]
[Date "1987.??.??"]
[Round "8"]
[White "Lecuyer, Christian"]
[Black "Benoit, Michel"]
[Result "1-0"]
[WhiteElo "2310"]
[BlackElo "2240"]

1.Nf3 Nf6 2.c4 c5 3.Nc3 g6 4.g3 Bg7 5.Bg2 Nc6 6.O-O d5 7.cxd5 Nxd5 8.Nxd5 Qxd5
9.d3 O-O 10.Be3 Bd7 11.Nd4 Qd6 12.Nxc6 Bxc6 13.Bxc6 Qxc6 14.Rc1 Qe6 15.Rxc5 Qxa2
16.Rb5 b6 17.Qa1 Qe6 18.Rc1 Rfc8 19.Rxc8+ Qxc8 20.Qa4 Qb7 21.Rb4 e6 22.Qb5 h5
23.b3 Kh7 24.Rc4 Rc8 25.h4 Bf6 26.f3 Kg7 27.Kg2 Kh7 28.Bf2 Kg7 29.b4 Rc7
30.Rxc7 Qxc7 31.Qc4 Qxc4 32.dxc4 Kf8 33.b5 Be7 34.e4 Ke8 35.Kf1 Kd7 36.Ke2 Kd6
37.Kd3 f5 38.c5+ Kc7 39.Kc4 Bf6 40.Bd4 Be7 41.Be5+ Kc8 42.c6 fxe4 43.fxe4 Bc5
44.Kd3 Be7 45.Ke3 Bb4 46.Bf6 Bd6 47.Kf3 Kc7 48.Bd4 a6 49.bxa6 Kxc6 50.a7 Kb7
51.Bxb6 Be5 52.Be3 Bg7 53.g4 Bf6 54.gxh5 gxh5 55.Bf2 Be5 56.Ke2 Bf6 57.Kd3 Be5
58.Kc4 Bc7 59.Kb5 Ka8 60.Kc6 e5 61.Kd5 Kb7 62.Ke6 Ka8 63.Kf5 Kb7 64.Kg6 Ba5
65.Kxh5 Bc3 66.Kg4  1-0

[Event "Santa Catalina"]
[Site "Santa Catalina"]
[Date "1987.??.??"]
[Round "?"]
[White "Rivas Pastor, Manuel"]
[Black "De la Villa Garcia, Jesus Maria"]
[Result "1-0"]
[WhiteElo "2440"]
[BlackElo "2450"]

1.c4 c5 2.Nc3 Nf6 3.Nf3 d5 4.cxd5 Nxd5 5.e4 Nc7 6.d4 cxd4 7.Qxd4 Qxd4 8.Nxd4 e5
9.Ndb5 Nxb5 10.Bxb5+ Bd7 11.Bxd7+ Nxd7 12.Ke2 Bc5 13.Rd1 O-O-O 14.Rd5 f6
15.Bd2 Kb8 16.Rd1 Kc8 17.Nb5 a6 18.Ba5 b6 19.Bxb6 Bxb6 20.Nd6+ Kc7 21.Nf7 Rhf8
22.Nxd8 Rxd8 23.b4 Kc8 24.Rd6 Bd4 25.Rc1+ Kb7 26.a4 Bb6 27.Rcd1 Bd4 28.Rd5 Kc8
29.a5 Re8 30.Rc1+ Kd8 31.Rc6 Ke7 32.Rc7 Rd8 33.Rb7 Ke6 34.f3 h5 35.b5 axb5
36.a6 Ra8 37.Rbxd7 Rxa6 38.Rxg7 Rb6 39.Rdd7 Bc5 40.Rb7 Kd6  1-0

[Event "BUL-ch (Women)"]
[Site "Sofia"]
[Date "1987.??.??"]
[Round "6"]
[White "Nestorova Petrova, Lozanka"]
[Black "Kalcheva, Natalia"]
[Result "1-0"]
[WhiteElo "2155"]
[BlackElo "2025"]

1.Nf3 c5 2.c4 Nf6 3.Nc3 b6 4.g3 Bb7 5.Bg2 e6 6.O-O Be7 7.d4 cxd4 8.Qxd4 d6
9.Rd1 a6 10.Bg5 Nbd7 11.Qd2 O-O 12.Bf4 d5 13.Ne5 Nxe5 14.Bxe5 Ng4 15.Qf4 f5
16.Bc7 Qc8 17.Bxb6 dxc4 18.Qc7 Qxc7 19.Bxc7 Bxg2 20.Kxg2 Bc5 21.Bd6 Bxd6
22.Rxd6 Rfb8 23.Rxe6 Rxb2 24.Rc1 Kf7 25.Rc6 Ne5 26.Rc7+ Kg6 27.Kf1 Rd8 28.Rc5 Re8
29.h3 Re6 30.a4 Kf7 31.f4 Nd7 32.Rxf5+ Nf6 33.Kf2 g6 34.Re5 Rxe5 35.fxe5 Nd7
36.Ke3 Nxe5 37.Kd4 Ke6 38.Rb1 Rxb1 39.Nxb1 Kd6 40.Nd2 c3 41.Ne4+ Ke6 42.Nxc3  1-0

[Event "BUL-ch (Women)"]
[Site "Sofia"]
[Date "1987.??.??"]
[Round "9"]
[White "Chilingirova, Pavlina"]
[Black "Nestorova Petrova, Lozanka"]
[Result "1/2-1/2"]
[WhiteElo "2285"]
[BlackElo "2155"]

1.Nf3 Nf6 2.c4 c5 3.Nc3 d5 4.cxd5 Nxd5 5.g3 Nc6 6.Bg2 Nc7 7.O-O e5 8.d3 Be7
9.Be3 O-O 10.Rc1 Rb8 11.Ne4 b6 12.Nfd2 f6 13.Nc4 Be6 14.a4 Nd5 15.Bd2 Qd7  1/2-1/2

[Event "St Ingbert op"]
[Site "St Ingbert"]
[Date "1987.??.??"]
[Round "7"]
[White "Bischoff, Klaus"]
[Black "Bukal, Vladimir Sr"]
[Result "1/2-1/2"]
[WhiteElo "2485"]
[BlackElo "2445"]

1.Nf3 Nf6 2.c4 c5 3.Nc3 g6 4.d4 cxd4 5.Nxd4 Bg7 6.e4 Nc6 7.Be3 d6 8.Be2 O-O
9.O-O Nd7 10.Rc1 Nc5 11.Qd2 Qa5 12.Rfd1 Re8 13.Bf1 Bd7 14.f3 Na4 15.Nxa4 Qxd2
16.Rxd2 Nxd4  1/2-1/2

[Event "St Ingbert op"]
[Site "St Ingbert"]
[Date "1987.??.??"]
[Round "7"]
[White "Osieka, Udo"]
[Black "Gross, Stefan"]
[Result "1/2-1/2"]
[WhiteElo "2230"]
[BlackElo "2420"]

1.Nf3 c5 2.c4 Nf6 3.Nc3 e6 4.g3 Be7 5.Bg2 O-O 6.O-O a6 7.b3 Nc6 8.d4 cxd4
9.Nxd4 Qc7 10.Bb2 d6 11.Rc1 Ne5 12.h3 Bd7 13.e3 Rac8 14.Qe2 Qb8 15.Rfd1 Rfd8
16.Rd2 Ne8 17.f4 Nc6 18.Kh2 Na7 19.f5 b5 20.fxe6 fxe6 21.cxb5 Nxb5 22.Ndxb5 axb5
23.Rf1 Bf6 24.Ne4 Bxb2 25.Rxb2 d5 26.Qh5 Nd6 27.Nf6+ gxf6 28.Rxf6 Be8 29.Qg4+ Bg6
30.Qxe6+ Nf7 31.Rbf2 Rd6 32.Rxg6+ Kh8 33.Rxf7 Rxe6 34.Rxe6 Rg8 35.Rf3 b4
36.Ref6 Qa7 37.R6f4 Qxa2 38.Rxb4 Rc8 39.Rbf4 Qxb3 40.Rf8+ Rxf8 41.Rxf8+ Kg7
42.Rd8 Qxe3 43.Rxd5  1/2-1/2

[Event "Rilton Cup"]
[Site "Stockholm"]
[Date "1987.??.??"]
[Round "?"]
[White "Callergard, Robert"]
[Black "Bergstrom, Christer"]
[Result "0-1"]
[WhiteElo "2345"]
[BlackElo "2440"]

1.Nf3 c5 2.c4 Nf6 3.Nc3 b6 4.e4 Nc6 5.d4 cxd4 6.Nxd4 Bb7 7.Bf4 Nxd4 8.Qxd4 d6
9.Bg5 e6 10.f3 Be7 11.O-O-O O-O 12.h4 Rc8 13.Kb1 Rc5 14.Qf2 Qb8 15.g4 d5
16.exd5 exd5 17.Nxd5 Nxd5 18.cxd5 Bd6 19.Be3 Rxd5 20.Rxd5 Bxd5 21.Bd3 Qb7
22.Be2 Re8 23.Rd1 Qc6 24.h5 Be5 25.Bd4 Rc8 26.Bc3 Bxc3 27.bxc3 Qxc3 28.Ba6 Bxf3
29.Bxc8 Be4+  0-1

[Event "SWE-ch"]
[Site "Stockholm"]
[Date "1987.??.??"]
[Round "?"]
[White "Bergstrom, Christer"]
[Black "Hellers, Ferdinand"]
[Result "1/2-1/2"]
[WhiteElo "2435"]
[BlackElo "2465"]

1.c4 c5 2.Nf3 Nf6 3.Nc3 e6 4.g3 b6 5.Bg2 Bb7 6.d4 cxd4 7.Qxd4 Nc6 8.Qf4 Bb4
9.Bd2 O-O 10.O-O Be7 11.Rfd1 d6 12.Rac1 h6 13.h3 Rc8 14.b3 a6 15.Nd4 Qd7
16.Nxc6 Bxc6 17.Ne4 Nxe4 18.Bxe4 Bg5 19.Qf3 Bxe4 20.Qxe4 Bxd2 21.Rxd2 Qc6
22.Qxc6 Rxc6 23.Rcd1 Rd8 24.e4 f6 25.f4 b5 26.e5 fxe5 27.fxe5 d5 28.cxd5 Rxd5
29.Rxd5 exd5 30.Rxd5 Rc1+ 31.Kf2 Rc2+ 32.Ke3 Rxa2 33.b4 Rb2 34.Rd6 Rxb4 35.Rxa6 Kf7  1/2-1/2

[Event "BCF-ch"]
[Site "Swansea"]
[Date "1987.??.??"]
[Round "?"]
[White "Martin, Andrew D"]
[Black "Kinsman, Andrew PH"]
[Result "1/2-1/2"]
[WhiteElo "2375"]
[BlackElo "2295"]

1.c4 Nf6 2.Nf3 c5 3.Nc3 e6 4.g3 Nc6 5.Bg2 d5 6.cxd5 Nxd5 7.O-O Be7 8.d4 O-O
9.Nxd5 exd5 10.dxc5 Bxc5 11.Ne1 d4 12.Nd3 Bb6 13.Bd2 Re8 14.Rc1 Bg4 15.Re1 Qd7
16.a3 Rad8 17.Bb4 Nxb4 18.axb4 Re7 19.Rc2 Rde8 20.Rd2 Qb5 21.Nf4 Be6 22.Nxe6 Rxe6
23.Qc2 Qxb4 24.Bf3 Qc5 25.Qd3 Qg5 26.Red1 R6e7 27.Rc2  1/2-1/2

[Event "Tashkent"]
[Site "Tashkent"]
[Date "1987.??.??"]
[Round "?"]
[White "Loginov, Valery A"]
[Black "Tseshkovsky, Vitaly"]
[Result "0-1"]
[WhiteElo "2355"]
[BlackElo "2485"]

1.Nf3 c5 2.c4 Nf6 3.Nc3 d5 4.cxd5 Nxd5 5.e4 Nb4 6.Bc4 Nd3+ 7.Ke2 Nf4+ 8.Kf1 Ne6
9.b4 g6 10.Bb2 Bg7 11.b5 Nd4 12.Nxd4 cxd4 13.Nd5 e6 14.Nf4 Qc7 15.Ne2 Qxc4
16.Rc1 Qxb5 17.Rxc8+ Kd7 18.Rxh8 Bxh8 19.Qa1 Nc6 20.h4 Qd3 21.Rh3 Qxe4 22.d3 Qd5
23.Ba3 Rc8 24.Qb2 Kc7 25.Qd2 Kb8 26.Nc1 Be5 27.Nb3 Bd6 28.Bb2 h5 29.Rf3 e5
30.Kg1 a5  0-1

[Event "Timisoara"]
[Site "Timisoara"]
[Date "1987.??.??"]
[Round "?"]
[White "Suba, Mihai"]
[Black "Stoica, Valentin"]
[Result "1/2-1/2"]
[WhiteElo "2560"]
[BlackElo "2440"]

1.Nf3 Nf6 2.c4 c5 3.Nc3 e6 4.g3 b6 5.Bg2 Bb7 6.O-O a6 7.d4 cxd4 8.Qxd4 d6
9.Rd1 Nbd7 10.Ng5 Be7 11.Qd3 O-O 12.Bf4 Rc8 13.Bxd6 Rxc4  1/2-1/2

[Event "Timisoara"]
[Site "Timisoara"]
[Date "1987.??.??"]
[Round "?"]
[White "Xu Jun"]
[Black "Suba, Mihai"]
[Result "0-1"]
[WhiteElo "2495"]
[BlackElo "2560"]

1.Nf3 c5 2.c4 Nf6 3.Nc3 e6 4.g3 b6 5.Bg2 Bb7 6.O-O a6 7.b3 Be7 8.d4 cxd4
9.Qxd4 d6 10.Rd1 Nbd7 11.e4 Qc8 12.Bb2 O-O 13.Qe3 Re8 14.Nd4 Bf8 15.h3 Qc7
16.Rac1 Rac8 17.Re1 Qb8 18.Qd2 Nc5 19.Re2 Qa8 20.Rce1 Red8 21.Qe3 g6 22.Rd1 Bg7
23.Ba3 d5 24.exd5 exd5 25.Nc2 Re8 26.Qf4 Ne6 27.Qf3 Ng5 28.Rxe8+ Rxe8 29.Qf4 dxc4
30.Bxb7 Nxh3+ 31.Kh2 Qxb7 32.Kxh3 cxb3 33.axb3 Qc8+ 34.Kg2 Qxc3 35.Qc4 Qxc4
36.bxc4 h5 37.Rd6 Re2 38.Ne3 Ra2 39.Bb4 Ne4 40.Rd8+ Kh7  0-1

[Event "Trnava"]
[Site "Trnava"]
[Date "1987.??.??"]
[Round "?"]
[White "Robatsch, Karl"]
[Black "Kouatly, Bachar"]
[Result "1/2-1/2"]
[WhiteElo "2400"]
[BlackElo "2440"]

1.Nf3 Nf6 2.c4 c5 3.Nc3 d5 4.cxd5 Nxd5 5.g3 Nc6 6.Nxd5 Qxd5 7.Bg2 e5 8.d3 Be7
9.O-O O-O 10.Be3 Qd6 11.Nd2 Nd4 12.Nc4 Qc7 13.f4 Bf6 14.Qd2 Be6 15.Rae1 Rad8
16.fxe5 Bxe5 17.b3 Bd5  1/2-1/2

[Event "Trnava"]
[Site "Trnava"]
[Date "1987.??.??"]
[Round "?"]
[White "Robatsch, Karl"]
[Black "Danner, Georg"]
[Result "1/2-1/2"]
[WhiteElo "2400"]
[BlackElo "2405"]

1.c4 Nf6 2.Nc3 c5 3.Nf3 e6 4.g3 d5 5.cxd5 exd5 6.d4 Nc6 7.Bg2 Be7 8.O-O O-O
9.b3 Ne4 10.Bb2 Bf6 11.Na4 cxd4 12.Nxd4 Bd7 13.Rc1 Nxd4 14.Bxd4 Re8 15.Nc5 Bb5
16.Re1 b6  1/2-1/2

[Event "Warsaw zt-B"]
[Site "Warsaw"]
[Date "1987.??.??"]
[Round "?"]
[White "Pekarek, Ales"]
[Black "Hawelko, Marek"]
[Result "1/2-1/2"]
[WhiteElo "2480"]
[BlackElo "2460"]

1.Nf3 c5 2.c4 Nf6 3.Nc3 d5 4.cxd5 Nxd5 5.g3 g6 6.Bg2 Bg7 7.O-O Nc6 8.Nxd5 Qxd5
9.d3 O-O 10.Be3 Bxb2 11.Rb1 Bg7 12.Nd4 Qxa2 13.Nxc6 bxc6 14.Bxc5 Bf6 15.d4 Rd8
16.e3 Ba6 17.Ra1 Qc4 18.Qc1 e5 19.Qxc4 Bxc4 20.Rfc1 Bb5 21.Bxa7 exd4 22.exd4 Rd7
23.Bxc6 Bxc6 24.Rxc6 Bxd4 25.Bxd4 Rxa1+ 26.Bxa1  1/2-1/2

[Event "Zuerich op"]
[Site "Zuerich"]
[Date "1987.??.??"]
[Round "4"]
[White "Suba, Mihai"]
[Black "Madl, Ildiko"]
[Result "1-0"]
[WhiteElo "2560"]
[BlackElo "2350"]

1.Nf3 c5 2.c4 Nf6 3.Nc3 g6 4.e4 d6 5.d4 Bg7 6.dxc5 Qa5 7.Nd2 Qxc5 8.Be2 O-O
9.O-O Bd7 10.Nb3 Qc7 11.Be3 Na6 12.f3 Nc5 13.e5 Nxb3 14.exf6 Nxa1 15.Nd5  1-0

[Event "Zuerich op"]
[Site "Zuerich"]
[Date "1987.??.??"]
[Round "7"]
[White "Suba, Mihai"]
[Black "Gheorghiu, Florin"]
[Result "1/2-1/2"]
[WhiteElo "2560"]
[BlackElo "2540"]

1.Nf3 c5 2.c4 Nf6 3.Nc3 e6 4.g3 b6 5.Bg2 Bb7 6.O-O a6 7.d4 cxd4 8.Qxd4 d6
9.Rd1 Be7 10.Bg5 Nbd7 11.Qd2 Rc8 12.Bf4 Rxc4 13.Bxd6  1/2-1/2